| 000 | 00389nam a2200157Ia 4500 | ||
|---|---|---|---|
| 008 | 230917s9999||||xx |||||||||||||| ||und|| | ||
| 020 | _cRS140 | ||
| 040 |
_e6954 _aMAIN |
||
| 041 | _aEnglish | ||
| 082 | _a320.50954 M474I | ||
| 100 | _aMehta, V R | ||
| 245 | 0 | _aIdeology. Modernization and politics in India | |
| 260 |
_aNew Delhi _bManohar _c1988 |
||
| 300 | _aix, 232 p. | ||
| 942 | _cBK | ||
| 999 |
_c71009 _d71009 |
||